Nghiên cứu khả năng sử dụng một số loài động vật hai mảnh vỏ để giám sát ô nhiễm KLN tại khu vực cửa sông Kôn và đầm Thị Nại, tỉnh Bình Định
Đánh giá được hiện trạng ô nhiễm một số KLN tại khu vực cửa sông Kôn và đầm Thị Nại dựa trên đặc điểm trầm tích và động vật hai mảnh vỏ. Xây dựng được cơ sở dữ liệu về động vật hai mảnh vỏ giám sát KLN..
Đã lưu trong:
| Tác giả chính: | |
|---|---|
| Tác giả khác: | |
| Định dạng: | Sách |
| Ngôn ngữ: | Vietnamese |
| Được phát hành: |
Đà Nẵng
Đại học Đà Nẵng
2013
|
| Những chủ đề: | |
| Các nhãn: |
Thêm thẻ
Không có thẻ, Là người đầu tiên thẻ bản ghi này!
|
| Thư viện lưu trữ: | Mạng thư viện Đại học Đà Nẵng |
|---|
| LEADER | 01865nam a2200349 4500 | ||
|---|---|---|---|
| 001 | 000019194 | ||
| 003 | 15629 | ||
| 005 | 20140331160330.0 | ||
| 008 | 140331s2013 viesd | ||
| 041 | |a vie | ||
| 082 | 1 | 4 | |a 594.4 |b HO-H |
| 100 | |a Hoàng Thanh Hải | ||
| 245 | 1 | 0 | |a Nghiên cứu khả năng sử dụng một số loài động vật hai mảnh vỏ để giám sát ô nhiễm KLN tại khu vực cửa sông Kôn và đầm Thị Nại, tỉnh Bình Định |c Hoàng Thanh Hải ; Võ Văn Minh hướng dẫn. |k Luận văn Thạc sĩ |
| 260 | |a Đà Nẵng |b Đại học Đà Nẵng |c 2013 | ||
| 300 | |a 52 tr., phụ lục 3 tr. |b Hình mh. |c 29 cm. |e Tóm tắt | ||
| 500 | |a Luận văn thạc sĩ Khoa học. Chuyên ngành : Sinh Thái học. Mã số: 60.42.60. | ||
| 520 | |a Đánh giá được hiện trạng ô nhiễm một số KLN tại khu vực cửa sông Kôn và đầm Thị Nại dựa trên đặc điểm trầm tích và động vật hai mảnh vỏ. Xây dựng được cơ sở dữ liệu về động vật hai mảnh vỏ giám sát KLN.. | ||
| 650 | 0 | 4 | |a Động vật hai mảnh vỏ |v Luận văn tốt nghiệp |x Nghiên cứu |x Ô nhiễm kim loại nặng |z Bình Định |
| 653 | |a Sinh thái học | ||
| 653 | |a Động vật hai mảnh vỏ | ||
| 653 | |a Ô nhiễm kim loại nặng | ||
| 700 | |a Võ Văn Minh |c TS. |e Hướng dẫn | ||
| OWN | |a LSP | ||
| AVA | |a UDN50 |b LSP |d 594.4 HO-H |e available |t Error 5001 Not defined in file expand_doc_bib_avail. |f 1 |g 0 |h N |i 0 |k 1 | ||
| 999 | |a From the UDN01 | ||
| AVA | |a UDN50 |b LSP |d 594.4 HO-H |e available |t Error 5001 Not defined in file expand_doc_bib_avail. |f 1 |g 0 |h N |i 0 |k 1 | ||
| TYP | |a Monograph | ||
| TYP | |a Printed language | ||
| 980 | |a Mạng thư viện Đại học Đà Nẵng | ||